[Event "Candidates final"]
[Site "Moscow"]
[Date "1974.??.??"]
[Round "2"]
[White "Karpov, Anatoly"]
[Black "Kortschnoj, Viktor"]
[Result "1-0"]
[WhiteElo "2700"]
[BlackElo "2670"]
[Annotator "ChessBase"]
[PlyCount "53"]
[EventDate "1974.09.16"]
[EventType "match"]
[EventRounds "24"]
[EventCountry "URS"]
[SourceDate "2004.01.01"]

1. e4 c5 2. Nf3 d6 3. d4 cxd4 4. Nxd4 Nf6 5. Nc3 g6 6. Be3 Bg7 7. f3 Nc6 8. Qd2
O-O 9. Bc4 Bd7 10. h4 Rc8 11. Bb3 Ne5 12. O-O-O Nc4 13. Bxc4 Rxc4 14. h5 Nxh5
15. g4 Nf6 16. Nde2 Qa5 17. Bh6 Bxh6 (17... Bh8 18. Bxf8 Kxf8 19. Kb1 (19. Qe3
Rc5 20. Nd4 Be6 21. Kb1 b5 22. Nxe6+ fxe6 $18 {Kruppa,Y-Golubaev/USSR/1984/})
19... Rb4 (19... Be6 20. Nf4 g5 21. Nxe6+ fxe6 22. Ne2 Qe5 23. c3 Bg7 24. Nc1
h6 25. Nd3 Qb5 26. Rhe1 $14 {Chudinovskih,A-Yakmimainen/URS/1977/}) (19... Bg7
20. Nd5 Qa6 21. Nxf6 Bxf6 22. Rxh7 Be6 23. Nf4 Qb5 24. Nxe6+ fxe6 25. Qh6+ Ke8
26. Qxg6+ $18 {Cuijpers,F-Kaspret,G/WchJ Dortmund/1980/}) 20. g5 Nh5 21. Nc1
Be6 22. Nb3 Qe5 23. Rxh5 Bxb3 24. Rxh7 Bxa2+ 25. Kc1 Bg7 26. Rdh1 $13 {
Almrot-Gernud/corr SVE-ch/1974/}) (17... Rfc8 18. Bxg7 Kxg7 19. Qh6+ Kg8 20.
Rd5 (20. Rd3 Be6 21. g5 Nh5 22. Ng3 Qe5 23. Nxh5 gxh5 24. Qxh5 Qg7 25. f4 d5
26. Rhd1 $13 {Zambon-Wagman,S/Italia/1974/}) 20... Qd8 21. e5 dxe5 22. Rd2 Qe8
23. Nd5 Be6 24. Nxf6+ exf6 25. g5 fxg5 26. Qxh7+ $40 {
Prandstetter,E-Spiridonov,N/Agard/1976/}) 18. Qxh6 Rfc8 19. Rd3 (19. g5 Nh5 20.
Rxh5 gxh5 21. Nd5 Rxc2+ 22. Kb1 Qd8 23. Nef4 Qf8 24. Nxe7+ Qxe7 25. Nd5 Rxb2+
26. Kxb2 $16 {Dobsa,S-Reinhardt,E/corr/1982/}) (19. Rd5 R8c5 (19... Qd8 20. e5
dxe5 21. Rd2 Qc7 22. Nd5 Rxc2+ 23. Kb1 Rxd2 24. Nxc7 Rxe2 25. Nd5 Re8 26. Nc3
$13 {Omelchenko,L-Mikhailov,A/corr-9 Wch/1977/}) (19... Qc7 20. Kb1 Kh8 {
1-0/Skjoldager-Dalhoff/corr/1975/}) 20. Rxc5 Rxc5 21. Nd5 Rxd5 22. exd5 Qxd5
23. Rh3 Qxa2 24. b3 Qa1+ 25. Kd2 Qf1 26. Rg3 $13 {
Ipek,Y-Eskelinen/Groningen EU-chJ/1982/}) 19... R4c5 20. g5 Rxg5 21. Rd5 Rxd5
22. Nxd5 Re8 23. Nef4 Bc6 24. e5 $1 $18 Bxd5 25. exf6 exf6 26. Qxh7+ Kf8 27.
Qh8+ (27. Qh8+ Ke7 28. Nxd5+ Qxd5 29. Re1+) 1-0

[Event "Zenica"]
[Site "Zenica"]
[Date "1987.??.??"]
[Round "?"]
[White "Horvath, Jozsef"]
[Black "Kobas, Adnan"]
[Result "1-0"]
[WhiteElo "2470"]
[BlackElo "2335"]
[PlyCount "63"]
[EventDate "1987.04.??"]
[EventType "tourn"]
[EventRounds "13"]
[EventCountry "YUG"]
[EventCategory "9"]
[SourceDate "2004.01.01"]
[WhiteTeamCountry "GER"]
[BlackTeamCountry "GER"]

1. e4 c5 2. Nf3 d6 3. d4 cxd4 4. Nxd4 Nf6 5. Nc3 g6 6. g3 Nc6 7. Nde2 b6 8. Bg2
Ba6 9. b3 Bg7 10. Bb2 O-O 11. Qd2 Rc8 12. O-O b5 13. a3 e6 14. Rfd1 Qb6 15. h3
Rfd8 16. Qe1 Bb7 17. Kh2 a5 18. Rac1 Ne7 19. Nd4 Rc5 20. f4 e5 21. Nde2 Nh5 22.
Qf2 exf4 23. gxf4 Rdc8 24. Rd3 Qa6 25. b4 Rc4 26. Rcd1 Nxf4 27. Nxf4 Bxc3 28.
Bxc3 Rxc3 29. Rxd6 Qa8 30. Rd7 Rxc2 31. Qh4 Nc6 32. Rxf7 1-0

[Event "Caorle op"]
[Site "Caorle"]
[Date "1991.??.??"]
[Round "?"]
[White "Inkiov, Ventzislav"]
[Black "Peek, Marcel"]
[Result "1-0"]
[WhiteElo "2475"]
[BlackElo "2355"]
[PlyCount "61"]
[EventDate "1991.??.??"]
[EventType "swiss"]
[EventRounds "9"]
[EventCountry "ITA"]
[SourceDate "2004.01.01"]
[WhiteTeamCountry "GER"]
[BlackTeamCountry "GER"]

1. e4 c5 2. Nf3 d6 3. d4 cxd4 4. Nxd4 Nf6 5. Nc3 Nc6 6. g3 g6 7. Bg2 Nxd4 8.
Qxd4 Bg7 9. O-O O-O 10. h3 Be6 11. Qd1 Nd7 12. Nd5 Nb6 13. c3 Nxd5 14. exd5 Bd7
15. Re1 Re8 16. Bg5 h6 17. Be3 Qc7 18. Bd4 Bf8 19. h4 h5 20. Be4 b6 21. Qd3 Kh7
22. Qf3 Kg8 23. Bxg6 fxg6 24. Re6 Bg7 25. Rxg6 e5 26. dxe6 Bc6 27. Rxg7+ Qxg7
28. Qxc6 Qg6 29. Re1 Rad8 30. e7 Rc8 31. Qd5+ 1-0